Manci néni
Elmentve itt :
| Szerző: | |
|---|---|
| Dokumentumtípus: | Cikk |
| Megjelent: |
1970-03-13
|
| Sorozat: | Délmagyarország
60 No. 61 |
| Kulcsszavak: | Höchtl Margit, Bodó Árpád, Zenei élet hangverseny Szeged 1970, zeneélet 1962-1979 |
| Online Access: | http://dmarchiv.bibl.u-szeged.hu/76879 |
| LEADER | 00511nab a2200157 i 4500 | ||
|---|---|---|---|
| 001 | delm76879 | ||
| 005 | 20180928084304.0 | ||
| 008 | 180928s1970 hu o 0|| hun d | ||
| 040 | |a SZTE Délmagyarország Archívum |b hun | ||
| 041 | |a hun | ||
| 100 | 1 | |a Nikolényi István | |
| 245 | 1 | 0 | |a Manci néni |h [elektronikus dokumentum] / |c Nikolényi István |
| 260 | |c 1970-03-13 | ||
| 300 | |a 5 | ||
| 490 | 0 | |a Délmagyarország |v 60 No. 61 | |
| 695 | |a Höchtl Margit, Bodó Árpád, Zenei élet hangverseny Szeged 1970, zeneélet 1962-1979 | ||